000 00459nam a2200181Ia 4500
005 20250326125822.0
008 250326s9999 xx 000 0 und d
037 _aTextbook
040 _aFMSL
_beng
_cFMSL
041 _aeng
_2eng
084 _aX:8 N4
_qFMSL
100 _aKoontz H D
245 0 _aPrinciples of management
_cKoontz H D
260 _aNY
_bNY, M G H
_c1964
300 _a637p
942 _cTB
_hX:8 N4
999 _c1279726
_d1279726